White v Barnet LBC (Record no. 19101)

MARC details
000 -LEADER
fixed length control field 01208cab a2200193 4500
001 - CONTROL NUMBER
control field ABS41125
008 - FIXED-LENGTH DATA ELEMENTS--GENERAL INFORMATION
fixed length control field 090401t1989 xxu||||| |||| 00| 0 eng d
035 ## - SYSTEM CONTROL NUMBER
System control number (Sirsi) u28346
041 ## - LANGUAGE CODE
Language code of text/sound track or separate title eng
245 ## - TITLE STATEMENT
Title White v Barnet LBC
260 ## - PUBLICATION, DISTRIBUTION, ETC.
Date of publication, distribution, etc. 1989
350 ## - PRICE (NR) (BK AM CF MU VM SE) [OBSOLETE]
Price 0
490 ## - SERIES STATEMENT
Series statement Weekly Law Reports
Volume/sequential designation (1989) 3 WLR 131-138(8)
520 ## - SUMMARY, ETC.
Summary, etc. CA 7 March 1989 A house was divided into two flats , one of which was let under a long lease with a low rent and the other was a statutory tenancy at a registered rent. In 1987 the local authority served on the freeholder and tenants under the Housing Act 1985 s190 , a statutory notice to repair . The statutory tenant appealed to the cc who allowed the appeal on the ground that a statutory tenant was not a "person having control" of the house under s207 of the Act. On appeal by the council, CA held that as the statutory tenant was paying a rack rent she was not a "person having control" of the house and therefore the repair notice served on her was invalid.
650 ## - SUBJECT ADDED ENTRY--TOPICAL TERM
Topical term or geographic name entry element PROPERTY-RESIDENTIAL PROPERTY-RESIDENTIAL LANDLORD AND TENANT-RESIDENTIAL TENANCIES
690 ## - LOCAL SUBJECT ADDED ENTRY--TOPICAL TERM (OCLC, RLIN)
Topical term or geographic name as entry element LANDLORD AND TENANT-CASE LAW-RESIDENTIAL TENANCIES
942 ## - ADDED ENTRY ELEMENTS (KOHA)
Suppress in OPAC 0
948 ## - LOCAL PROCESSING INFORMATION (OCLC); SERIES PART DESIGNATOR (RLIN)
c (OCLC) 04/03/1997
Holdings
Withdrawn status Lost status Source of classification or shelving scheme Damaged status Not for loan Home library Current library Shelving location Date acquired Total Checkouts Full call number Barcode Date last seen Copy number Price effective from Koha item type
    Dewey Decimal Classification     London London Journal article 14/09/1999   ABS41125 28346-1001 06/08/2019 1 06/08/2019 Law report